BIBLIOTECA

Normal view MARC view
  • Braceli, Rodolfo

Entry Nombre personal

Number of records used in: 2

001 - NÚMERO DE CONTROL

  • campo de control: 14260

003 - IDENTIFICADOR DEL NÚMERO DE CONTROL

  • campo de control: AR-SiUPM

005 - FECHA Y HORA DE LA ÚLTIMA TRANSACCIÓN

  • campo de control: 20251022170450.0

008 - DATOS DE LONGITUD FIJA

  • campo de control de longitud fija: 251022|| aca||aabn | a|a d

040 ## - FUENTE DE LA CATALOGACIÓN

  • Centro catalogador/agencia de origen: AR-SiUPM
  • Centro/agencia transcriptor: AR-SiUPM

100 ## - ENCABEZAMIENTO-NOMBRE DE PERSONA

  • Nombre de persona: Braceli, Rodolfo

670 ## - FUENTE DE DATOS ENCONTRADOS

  • Cita de la fuente: Work cat.: (AR-SiUPM): Braceli, Rodolfo, Había una vez Maradona :, 2024.